| 000 | 00000nam##2200000za#4500 |
| 001 | 9.699867 |
| 003 | CaOODSP |
| 005 | 20210625000557 |
| 007 | cr ||||||||||| |
| 008 | 150407|2014||||xxc|||||o f|0| 0 eng|d |
| 020 | |a978-1-100-24993-3 |
| 040 | |aCaOODSP|beng |
| 043 | |an-cn--- |
| 086 | 1 |aEm4-2/2014E-PDF |
| 110 | 1 |aCanada.|bEmployment and Social Development Canada. |bStrategic Policy and Research Branch. |
| 245 | 10|aEvaluation of the Social Development Partnerships Program : |h[electronic resource]|bfinal report |
| 260 | |aOttawa - Ontario : |bEmployment and Social Development Canada. |cJune 23, 2014. |
| 300 | |a50p.|btables |
| 590 | |a15-04|b2015-01-23 |
| 690 | 07|aFederal programs|2gcpds |
| 690 | 07|aMigrant workers|2gcpds |
| 775 | 08|tÉvaluation du Programme de partenariats pour le développement social : |w(CaOODSP)9.643822 |
| 856 | 40|ahttp://publications.gc.ca|qPDF|s714 KB|uhttps://publications.gc.ca/collections/collection_2015/edsc-esdc/Em4-2-2014-eng.pdf |
| 986 | |aSP-1076-09-14E |